000 00666cam a2200229 4500500
005 20260405002126.0
041 _afre
042 _adc
100 1 0 _aEltchaninoff, Michel
_eauthor
245 0 0 _aLa Terre et les hommes sont sur un bateau…
260 _c2015.
500 _a5
690 _aCOP21
690 _aEnvironnement
690 _aMichel Onfray
690 _aNaomi Klein
690 _apape François
690 _aRousseau
690 _aTerre
786 0 _nPhilosophie magazine | 94 | 11 | 2015-11-01 | p. 22-22 | 1951-1787
856 4 1 _uhttps://shs.cairn.info/magazine-philosophie-magazine-2015-11-page-22?lang=fr&redirect-ssocas=7080
999 _c2054519
_d2054519